00626nac a22001931u 4500020001500000082001600015090001500031100003400046245004300080250001200123260004100135300002600176500002600202511002600228650002000254942001800274999001500292952012500307 a8188458929 a005.12bJHA c8454d8454 aJHA, S. K.  aSystem analysis and design/cS. K. Jha a2nd ed. aNew Delhi:bS. K. Kataria,2007c2007 a276p.:bill.;c24 cm. adistributer: Al-Ahram acatalogued by: wessam aSystem analysis cBBk005.12JHA c8454d8454 00102ddc4070aMAINbMAINcLOWd2008-03-09ePurchasel2m1o005.12 JHAp000030018r2025-07-15 00:00:00s2010-03-29yBB